000
00331nam a22001457a 4500
008
240129b ||||| |||| 00| 0 eng d
020
_a
0262200457
041
_a
eng
080
_2
1984
_a
573
082
_a
573TRI
100
_a
15
101
_a
BIOLOGJI
245
_a
HOW LIFE LEARNED TO LIVE
_c
HELMUT TRIBUTSCH
942
_2
udc
_c
BK
999
_c
60562
_d
60562